Statistics for Countries With The Most French Speakers

Click here to take the quiz!

General Stats

  • This quiz has been taken 90 times
  • The average score is 11 of 15

Answer Stats

Number Of French SpeakersCountry% Correct
63,678,077France
100%
10,981,937Canada
91%
13,803,847Algeria
84%
8,678,247Belgium
79%
12,729,432Morocco
79%
10,930,735United Kingdom
77%
12,242,129Germany
76%
42,533,172Democratic Republic of the Congo
72%
5,443,391Spain
72%
5,734,276Switzerland
72%
11,519,521Italy
71%
6,081,277Tunisia
69%
10,006,474Cameroon
59%
8,259,265Côte d'Ivoire
59%
5,252,562Madagascar
25%

Score Distribution

Percentile by Number Answered

Percent of People with Each Score

Your Score History

You have not taken this quiz